Wood engineering and construction handbook (Record no. 104430)

MARC details
000 -LEADER
fixed length control field 01209cam a2200241 4500
001 - CONTROL NUMBER
control field ##L130292
008 - FIXED-LENGTH DATA ELEMENTS--GENERAL INFORMATION
fixed length control field 050712n1999 000 0 eng u
020 ## - INTERNATIONAL STANDARD BOOK NUMBER
International Standard Book Number 0070220700
035 ## - SYSTEM CONTROL NUMBER
System control number (Sirsi) u130292
041 0# - LANGUAGE CODE
Language code of text/sound track or separate title eng
050 04 - LIBRARY OF CONGRESS CALL NUMBER
Classification number 624.184 $2 21
245 00 - TITLE STATEMENT
Title Wood engineering and construction handbook
250 ## - EDITION STATEMENT
Edition statement 3rd ed.
260 3# - PUBLICATION, DISTRIBUTION, ETC.
Place of publication, distribution, etc. Boston
Name of publisher, distributor, etc. McGraw-Hill Education
Date of publication, distribution, etc. 1999
300 ## - PHYSICAL DESCRIPTION
Extent xi, ca.1000p.
Other physical details ill
Dimensions 23cm.
350 ## - PRICE (NR) (BK AM CF MU VM SE) [OBSOLETE]
Price 53.99
490 #0 - SERIES STATEMENT
Series statement McGraw-Hill Handbooks
520 ## - SUMMARY, ETC.
Summary, etc. Handbook aimed at providing the information and procedures needed to design virtually any type of wood structure or structural wood component. Gives design equations, design procedures (with examples) and design data for structural panel products, adhesives, shearwalls and diaphragms, and trusses and timber bridges. Includes basic information on the physical and mechanical properties of wood, commercial timber and other wood product standards, preservatives and fire resistant nails. Also includes an appendix of reference data.
690 ## - LOCAL SUBJECT ADDED ENTRY--TOPICAL TERM (OCLC, RLIN)
Topical term or geographic name as entry element BUILT ENVIRONMENT-BUILDING MATERIALS-TIMBER-TIMBER AND WOOD
700 1# - ADDED ENTRY--PERSONAL NAME
Personal name Faherty, Keith F.
Relator term Editor
700 1# - ADDED ENTRY--PERSONAL NAME
Personal name Williamson, Thomas G.
Relator term Editor
942 ## - ADDED ENTRY ELEMENTS (KOHA)
Suppress in OPAC 0
Holdings
Withdrawn status Lost status Source of classification or shelving scheme Damaged status Not for loan Home library Current library Shelving location Date acquired Cost, normal purchase price Total Checkouts Full call number Barcode Date last seen Copy number Cost, replacement price Price effective from Koha item type
    Dewey Decimal Classification     London London Books 06/12/2005 45.89   624.184 WOO 30071332 06/08/2019 1 45.89 06/08/2019 Book